000 00645nam a2200217Ia 4500
001 9710
003 GE_BSU
008 181216s||||||||xx |||||||||||||| ||und||
040 _cGE_BSU
080 _a821.353.1-32
100 _aნაცვალაძე,დავით
245 _aგულის კარნახით
245 _bმოთხრობა
245 _cრედ:ო.გოგუაძე;მხატვ:.ზ.ხაბაძე
260 _aბათუმი.
260 _bსაბჭ.აჭარა.
260 _c1975
300 _a135გვ;19სმ.
653 _aმოთხრობა
942 _cBK
999 _c42993
_d42993